[Event "SVK-ch"]
[Site "Topolcianky"]
[Date "1994.??.??"]
[Round "5"]
[White "Debnar, Lubos"]
[Black "Martiska, Peter"]
[Result "1-0"]
[WhiteElo "2270"]
[BlackElo "2310"]

1.d4 Nf6 2.c4 e6 3.Nf3 b6 4.a3 Bb7 5.Nc3 Be7 6.d5 d6 7.e4 e5 8.b4 a5 9.Be3 Nbd7
10.Bd3 O-O 11.O-O Ne8 12.Qb3 g6 13.Na4 Bc8 14.c5 bxc5 15.bxc5 f5 16.exf5 gxf5
17.c6 Ndf6 18.Nxe5 dxe5 19.d6+ Kh8 20.dxe7 Qxe7 21.Rfe1 Be6 22.Qc3 e4 23.Nc5 Nd6
24.Bd4 Kg8 25.Nxe6 Qxe6 26.Bc2 a4 27.Bb1 Qe7 28.Ba2+ Kh8 29.Bc5 h6 30.Rad1 Kh7
31.Qb4 Rfd8 32.f3 Qe5 33.Rxd6 cxd6 34.Bd4 Qe7 35.Qb7 Qxb7 36.cxb7 Rab8 37.Bxf6 Rf8
38.Be7 Rfe8 39.Bxd6 Rxb7 40.fxe4 Rd7 41.Bb4 fxe4 42.Bb1 Rd4 43.Kf2 Rc4 44.Rxe4 Rexe4
45.Kf3 Kg7 46.Bxe4 Kf6 47.Bd3  1-0

[Event "Val Thorens Principal"]
[Site "Val Thorens"]
[Date "1994.??.??"]
[Round "4"]
[White "Lacrosse, Marc"]
[Black "Caels, Viviane"]
[Result "1-0"]
[WhiteElo "2240"]
[BlackElo "2015"]

1.d4 Nf6 2.c4 e6 3.Nf3 b6 4.a3 Bb7 5.Nc3 d6 6.Qc2 Nbd7 7.e4 e5 8.d5 Nh5 9.g3 g6
10.Bg2 Bg7 11.O-O O-O 12.Bd2 a6 13.Ne1 f5 14.exf5 gxf5 15.Bh3 e4 16.Ng2 Ne5
17.Nh4 Bc8 18.Qd1 Qe8 19.Qe2 Bd7 20.f3 exf3 21.Nxf3 Nxf3+ 22.Qxf3 Qg6 23.Rae1 Be5
24.b3 f4 25.Bxd7 fxg3 26.Be6+ Kh8 27.Qxf8+ Rxf8 28.Rxf8+  1-0

[Event "Val Thorens Principal"]
[Site "Val Thorens"]
[Date "1994.??.??"]
[Round "8"]
[White "Lacrosse, Marc"]
[Black "Olivier, Jean Christophe"]
[Result "1-0"]
[WhiteElo "2240"]
[BlackElo "2310"]

1.d4 Nf6 2.c4 e6 3.Nf3 b6 4.a3 Bb7 5.Nc3 d5 6.cxd5 Nxd5 7.e3 Be7 8.Bb5+ c6
9.Bd3 Nxc3 10.bxc3 O-O 11.O-O c5 12.e4 cxd4 13.cxd4 Ba6 14.Bxa6 Nxa6 15.Qa4 Nb8
16.Bf4 Qd7 17.Qb3 Nc6 18.Rfd1 Rac8 19.Qb5 Bd6 20.e5 Be7 21.d5 exd5 22.Rxd5 Qe6
23.Rdd1 Rfd8 24.a4 h6 25.h3 Bc5 26.Rac1 Rd5 27.Rxd5 Qxd5 28.Qb1 Rd8 29.Qf5 Nb4
30.Be3 Bxe3 31.fxe3 Na6 32.Rc8 Nc5 33.Nd4 g6 34.Qg4 Rxc8 35.Qxc8+ Kg7 36.Qb8 Qd7
37.Nb5 Nxa4 38.Nd6 f6 39.Ne8+ Kf7 40.Nxf6 Qd1+ 41.Kh2 Ke6 42.e4  1-0

[Event "Velden op"]
[Site "Velden"]
[Date "1994.??.??"]
[Round "8"]
[White "Ryskin, Alexander"]
[Black "Hresc, Vladimir"]
[Result "1/2-1/2"]
[WhiteElo "2515"]
[BlackElo "2420"]

1.d4 Nf6 2.c4 e6 3.Nf3 b6 4.a3 Bb7 5.Nc3 d5 6.cxd5 exd5 7.Qa4+ c6 8.g3 Bd6
9.Bg2 O-O 10.O-O Re8 11.Bg5 Nbd7 12.Rad1 h6 13.Bc1 a5 14.Rfe1 b5 15.Qc2 b4
16.Na4 bxa3 17.bxa3 Qe7 18.Rd3 c5 19.Nh4 c4 20.Re3 Qf8 21.Nf5 Rxe3 22.Nxe3 Rc8
23.Nc3 Bxa3 24.Bxa3 Qxa3 25.Rb1 Bc6 26.Nexd5 Nxd5 27.Nxd5 Bxd5 28.Bxd5 c3
29.e4 Qd6 30.Qa2 Kh8 31.e5 Qg6 32.Bxf7 Qd3 33.Bb3 Qxd4 34.Rd1 Qa7 35.Re1 Qc5
36.e6 Ne5 37.Qe2 Nc6 38.e7 Nxe7 39.Qxe7 Qxe7 40.Rxe7 c2 41.Bxc2 Rxc2 42.Ra7 Ra2
43.h4 h5 44.Kg2 Kh7 45.Ra6  1/2-1/2

[Event "Vienna op"]
[Site "Vienna"]
[Date "1994.??.??"]
[Round "8"]
[White "Stajcic, Nikola"]
[Black "Van Wely, Loek"]
[Result "1/2-1/2"]
[WhiteElo "2350"]
[BlackElo "2560"]

1.d4 Nf6 2.c4 e6 3.Nf3 b6 4.a3 Bb7 5.Nc3 d5 6.Bg5 Be7 7.e3 O-O 8.Rc1 c5 9.cxd5 exd5
10.Be2 Na6 11.O-O c4 12.Ne5 Nc7 13.Qa4 Qe8 14.Qxe8 Rfxe8 15.Bf4 Rec8 16.Bf3 b5
17.Ng4 Nfe8 18.e4 dxe4 19.Nxe4 Nd5 20.Nc3 Nxc3 21.Rxc3 Bxf3 22.Rxf3 Rd8 23.Rd1 f6
24.Ne3 Rd7 25.Kf1 Rad8 26.Re1 g6 27.Nc2 Ng7 28.g4 Kf7 29.Rfe3 g5 30.Bg3 a5
31.f4 h6 32.f5 Rb7 33.Re4 h5 34.h3 b4 35.axb4 axb4 36.Ra1 h4 37.Bh2 c3 38.b3 Rdd7
39.Ree1 Ra7 40.Ke2 Ne8 41.Kd3 Nd6 42.Bxd6 Bxd6 43.Re6 Rxa1 44.Nxa1 Ra7 45.Nc2 Be7
46.Rb6 Ra2 47.d5 Rb2 48.d6 Bxd6 49.Rxd6 Rxb3 50.Rb6 Rb1 51.Rb7+ Kf8 52.Nxb4 Rh1
53.Nd5 Rd1+ 54.Kxc3 Rxd5 55.Kc4 Rd1 56.Ra7 Ke8 57.Rb7 Rd2 58.Ra7 Rd1 59.Rb7 Rd2
60.Ra7  1/2-1/2

[Event "Hoogovens"]
[Site "Wijk aan Zee"]
[Date "1994.??.??"]
[Round "4"]
[White "Piket, Jeroen"]
[Black "Van der Wiel, John TH"]
[Result "1-0"]
[WhiteElo "2605"]
[BlackElo "2570"]

1.d4 Nf6 2.c4 e6 3.Nf3 b6 4.a3 Bb7 5.Nc3 d5 6.Qc2 dxc4 7.e4 c5 8.dxc5 Bxc5
9.Bxc4 Nbd7 10.O-O Qc7 11.Bd3 a6 12.Bg5 Ng4 13.Qe2 Bd6 14.h3 Nh2 15.Nxh2 Bxh2+
16.Kh1 Bf4 17.Nd5 exd5 18.exd5+ Be5 19.f4 O-O 20.fxe5 Bxd5 21.Rae1 Qc6 22.Rf4 Rfe8
23.Qh5 f5 24.Bxf5 g6 25.Bxd7 Bxg2+ 26.Kh2 Qxd7 27.Qg4 Bc6 28.Rd4 Qxg4 29.hxg4 Re6
30.Bf6 Rae8 31.Rc1 h6 32.Rd6 Rxd6 33.exd6 Re2+ 34.Kg3 Kf7 35.Rxc6 Kxf6 36.Rxb6 a5
37.Kf3 Rh2 38.b4 axb4 39.axb4 h5 40.g5+ Ke6 41.d7+ Kxd7 42.Rxg6 Rh4 43.b5 Rg4
44.b6 Kc8 45.Rg7 Kb8 46.g6 Rg1 47.Kf4 h4 48.Kf5 Rf1+ 49.Kg5 Rg1+ 50.Kxh4 Rh1+
51.Kg5 Rg1+ 52.Kf6 Rf1+ 53.Ke7 Re1+ 54.Kf8 Rg1 55.Rg8 Kb7 56.Kg7  1-0

[Event "CAN-op"]
[Site "Winnipeg"]
[Date "1994.??.??"]
[Round "3"]
[White "Yip, Michael"]
[Black "Balinas, Rosendo Carrean"]
[Result "0-1"]
[WhiteElo "2080"]
[BlackElo "2350"]

1.d4 Nf6 2.c4 e6 3.Nf3 b6 4.a3 Bb7 5.Nc3 d5 6.cxd5 exd5 7.g3 g6 8.Bf4 Nh5
9.Bg5 f6 10.Be3 Be7 11.Bg2 O-O 12.O-O Re8 13.Rc1 a5 14.Ne1 c6 15.Na4 Nd7
16.Nd3 Ra7 17.Qb3 Bd6 18.Bf3 Ng7 19.Bg4 f5 20.Bf3 Ne6 21.Nf4 Nxf4 22.Bxf4 Bxf4
23.gxf4 Re6 24.e3 Kh8 25.Kh1 Ba6 26.Rg1 Bc4 27.Qc2 Nf6 28.Nc3 Qa8 29.b3 Ba6
30.Na4 Qd8 31.Qb2 Ne4 32.Bxe4 fxe4 33.Rg5 Bc8 34.Nc3 Rg7 35.Rcg1 b5 36.Ne2 h6
37.R5g3 Rf6 38.Qc3 Bf5 39.Qc5 h5 40.Rg5 Bg4  0-1

[Event "Aalborg op"]
[Site "Aalborg"]
[Date "1995.??.??"]
[Round "1"]
[White "Christiansen, Jens Jorgen"]
[Black "Larsen, Olav Dalsgaard"]
[Result "1/2-1/2"]
[WhiteElo "2225"]
[BlackElo "2330"]

1.d4 Nf6 2.c4 e6 3.Nf3 b6 4.a3 Bb7 5.Nc3 d5 6.cxd5 exd5 7.Bg5 Be7 8.e3 O-O
9.Be2 Nbd7 10.O-O c5 11.Rc1 Re8 12.h3 a6 13.Re1 c4 14.Ne5 b5 15.Qc2 Nxe5
16.dxe5 Nd7 17.Bxe7 Qxe7 18.f4 Nc5 19.Rcd1 Rad8 20.Bf1 Bc6 21.Ne2 Nd3 22.Rxd3 cxd3
23.Qxd3 f6 24.Nd4 Bd7 25.e6 Bxe6 26.Nc6 Qc5 27.Nxd8 Rxd8 28.Qd4 Re8 29.Bd3 Bf7
30.Kf2  1/2-1/2

[Event "Altensteig"]
[Site "Altensteig"]
[Date "1995.??.??"]
[Round "5"]
[White "Gabriel, Christian"]
[Black "Dautov, Rustem"]
[Result "1/2-1/2"]
[WhiteElo "2475"]
[BlackElo "2620"]

1.d4 Nf6 2.c4 e6 3.Nf3 b6 4.a3 Ba6 5.Qc2 Bb7 6.Nc3 c5 7.e4 cxd4 8.Nxd4 Nc6
9.Nxc6 Bxc6 10.Bf4 Nh5 11.Bd2 Qb8 12.g3 Bc5 13.f4 Nf6 14.Bg2 O-O 15.Qd3 d5
16.cxd5 exd5 17.e5 Ne4 18.Nxe4 dxe4 19.Bxe4 Rd8 20.Qf3 Bxe4 21.Qxe4 Qc8 22.Bc3 a5
23.Rd1 Qg4 24.Rd3 Rac8 25.Kd2 h5 26.Kc2 Qh3 27.Rhd1 Rxd3 28.Rxd3 Qxh2+ 29.Kb3 Qh3
30.f5 g6 31.Rf3 Qg4 32.Qd5 a4+ 33.Ka2 gxf5 34.e6 Qg6 35.exf7+ Qxf7 36.Rxf5 Qxd5+
37.Rxd5 Kf7 38.Rxh5 Rg8 39.Be5 Ke6 40.Bf4 Bf2 41.Rh2 Bc5 42.Rd2 b5 43.Rd3 Rh8
44.Bd2 Rh2 45.Bb4 Bxb4 46.axb4 Rg2 47.Rc3 Kd5 48.Rc5+  1/2-1/2

[Event "Amsterdam m"]
[Site "Amsterdam"]
[Date "1995.??.??"]
[Round "1"]
[White "Piket, Jeroen"]
[Black "Timman, Jan H"]
[Result "1/2-1/2"]
[WhiteElo "2625"]
[BlackElo "2595"]

1.d4 Nf6 2.c4 e6 3.Nf3 b6 4.a3 Ba6 5.Qc2 Bb7 6.Nc3 c5 7.e4 cxd4 8.Nxd4 Bc5
9.Nb3 Nc6 10.Bg5 Be7 11.Rd1 O-O 12.Be2 Qb8 13.Bh4 Ne5 14.Bg3 Rc8 15.O-O a6
16.Qb1 d6 17.Rd4 Nc6 18.Rd2 Ne5 19.Rd4 Nc6 20.Rd2 Ne5  1/2-1/2

[Event "Donner mem op"]
[Site "Amsterdam"]
[Date "1995.??.??"]
[Round "3"]
[White "Lobron, Eric"]
[Black "De Boer, Gert Jan"]
[Result "1-0"]
[WhiteElo "2595"]
[BlackElo "2425"]

1.Nf3 Nf6 2.c4 b6 3.d4 e6 4.a3 Bb7 5.Nc3 d5 6.cxd5 Nxd5 7.e3 g6 8.Bb5+ c6
9.Bd3 Bg7 10.Na4 Nd7 11.e4 Ne7 12.O-O O-O 13.Bg5 e5 14.dxe5 Nxe5 15.Nxe5 Bxe5
16.Nc3 Qd6 17.Bc4 Qc5 18.Qd7 Rae8 19.Qxb7 Bxc3 20.Rac1 Qxg5 21.Rxc3 b5 22.Bb3 Qd2
23.Qxa7 Qxb2 24.Qc5 Kg7 25.Qd4+ Kg8 26.Qb4 Kg7 27.f4 Rd8 28.f5 Rd2 29.f6+ Kg8
30.Rg3 Nc8 31.e5 Qd4+ 32.Qxd4 Rxd4 33.Rc3 Na7 34.Rd1 Rfd8 35.Rxd4 Rxd4 36.Kf2 Kf8
37.Ke3 Rd8 38.g4 h6 39.Rc5 Ke8 40.Rc1 Rd7 41.h4 Rd8 42.g5 h5 43.Rc5 Rd7 44.Bc2 Rc7
45.e6 Nc8 46.Be4 Na7 47.Kf4  1-0

[Event "Donner mem op"]
[Site "Amsterdam"]
[Date "1995.??.??"]
[Round "6"]
[White "Strating, Sybolt"]
[Black "Stefansson, Hannes"]
[Result "0-1"]
[WhiteElo "2310"]
[BlackElo "2520"]

1.d4 Nf6 2.c4 e6 3.Nf3 b6 4.a3 Bb7 5.Nc3 g6 6.Qc2 Bxf3 7.gxf3 Nc6 8.d5 Nd4
9.Qd1 c5 10.Bf4 Bg7 11.Bh3 Nh5 12.Bd6 Qh4 13.Bg4 Nf5 14.dxe6 fxe6 15.Nb5 Bxb2
16.Bxf5 gxf5 17.Ra2 Bg7 18.O-O Bd4 19.e3 Rg8+ 20.Kh1 Kf7 21.exd4 Qh3 22.Bg3 f4
23.Nd6+ Ke7 24.Ne4 fxg3 25.fxg3 d5 26.cxd5 exd5 27.dxc5 dxe4 28.Qd6+ Kf7
29.Qd5+ Kg7 30.Rg1 exf3 31.Rf2 Nf6 32.Qg5+ Kf7 33.Qf4 Qg4 34.Qc7+ Kg6 35.Rgf1 Rgc8
36.Qd6 Rd8 37.Qc7 Rd3 38.cxb6 axb6 39.Qxb6 Qe4 40.h3 Rdxa3 41.Qb2 Re3  0-1

[Event "Amsterdam m"]
[Site "Amsterdam"]
[Date "1995.??.??"]
[Round "7"]
[White "Piket, Jeroen"]
[Black "Timman, Jan H"]
[Result "1/2-1/2"]
[WhiteElo "2625"]
[BlackElo "2595"]

1.d4 Nf6 2.c4 e6 3.Nf3 b6 4.a3 Ba6 5.Qc2 Bb7 6.Nc3 c5 7.e4 cxd4 8.Nxd4 Nc6
9.Nxc6 Bxc6 10.Bf4 Bc5 11.Be2 O-O 12.O-O-O Rc8 13.Kb1 Ne8 14.f3 f6 15.Qd2 e5
16.Be3 Nc7 17.Nb5 Bxe3 18.Qxe3 Bxb5 19.cxb5 Ne6 20.Rc1 Nd4 21.Rxc8 Qxc8 22.Rc1 Qb8
23.Qc3 Nxe2 24.Qc4+ d5 25.Qxe2 Qd8 26.a4 g6 27.exd5 Qxd5 28.Qc4 Qxc4 29.Rxc4 Rf7
30.Rc6 Kg7 31.Kc2 Rd7 32.b4 Kf7 33.a5 f5 34.axb6 axb6 35.Rxb6 e4 36.fxe4 fxe4
37.Ra6 e3 38.Ra1 Rd2+ 39.Kc3 Ke6 40.b6 Kd7 41.Ra7+ Kc8 42.Rxh7 Rxg2 43.Re7 Rxh2
44.Rxe3  1/2-1/2

[Event "Donner mem op"]
[Site "Amsterdam"]
[Date "1995.??.??"]
[Round "10"]
[White "Blees, Albert"]
[Black "Van den Doel, Erik"]
[Result "1-0"]
[WhiteElo "2420"]
[BlackElo "2305"]

1.d4 Nf6 2.c4 e6 3.Nf3 b6 4.a3 Ba6 5.Qc2 Bb7 6.Nc3 c5 7.e4 cxd4 8.Nxd4 Nc6
9.Nxc6 Bxc6 10.Bf4 Bc5 11.Be2 O-O 12.Rd1 a5 13.O-O Qe7 14.Rfe1 e5 15.Bg5 h6
16.Bh4 d6 17.h3 g6 18.Kh1 Kg7 19.Qd2 Qe6 20.Qd3 Nh7 21.Nd5 Bxd5 22.cxd5 Qe8
23.f4 exf4 24.Rf1 Ng5 25.Rxf4 Qe5 26.Bg3 Qxb2 27.Be1 Kg8 28.Bc3 Qb3 29.Rh4 Nh7
30.Rxh6 Rac8 31.Qg3 g5 32.Qxg5+  1-0

[Event "Donner mem op"]
[Site "Amsterdam"]
[Date "1995.??.??"]
[Round "11"]
[White "Lobron, Eric"]
[Black "Van der Wiel, John TH"]
[Result "1/2-1/2"]
[WhiteElo "2595"]
[BlackElo "2545"]

1.d4 Nf6 2.Nf3 e6 3.c4 b6 4.a3 Bb7 5.Nc3 d5 6.cxd5 Nxd5 7.e3 g6 8.Bb5+ c6
9.Bd3 Nxc3 10.bxc3 Bg7 11.h4 Nd7 12.h5 c5 13.e4 O-O 14.hxg6 hxg6 15.Be3 cxd4
16.cxd4 Rc8 17.Ke2 Nf6 18.Rh4 Rc3 19.Qd2 Qc8 20.Rc1 Rxd3 21.Qxd3 Ba6 22.Rxc8 Bxd3+
23.Kxd3 Rxc8 24.a4 Nd7 25.Bf4 f6 26.Be3 e5 27.dxe5 fxe5 28.Rh1 Nc5+ 29.Bxc5 Rxc5
30.Rb1 Ra5 31.Rb4 Kf7 32.Rc4 Bf8 33.Kc3 Ke6 34.Kb3 b5 35.Rc6+ Bd6 36.axb5 Rxb5+
37.Kc3 Rc5+ 38.Rxc5 Bxc5 39.Ng5+ Kf6 40.Nh3 g5 41.Kc4 Bb6 42.f3 Be3 43.g3 Bb6  1/2-1/2

[Event "Donau op"]
[Site "Aschach"]
[Date "1995.??.??"]
[Round "6"]
[White "Knoll, Hermann"]
[Black "Stanec, Nikolaus"]
[Result "0-1"]
[WhiteElo "2240"]
[BlackElo "2480"]

1.d4 Nf6 2.c4 e6 3.Nf3 b6 4.a3 Bb7 5.Nc3 d5 6.cxd5 exd5 7.g3 Be7 8.Bg2 O-O
9.O-O c6 10.Bf4 Re8 11.Ne5 Nbd7 12.Qa4 Nxe5 13.dxe5 Nd7 14.Rad1 Bf8 15.e4 Nc5
16.Qc2 d4 17.b4 Ne6 18.Bc1 Qc7 19.Nb1 c5 20.bxc5 Bxc5 21.Kh1 Ba6 22.f4 Bxf1
23.Rxf1 Rad8 24.f5 d3 25.Qd1 Nd4 26.Bg5 Nc2 27.Rf3 Rd4 28.Rxd3 Rxd3 29.Qxd3 Ne1
30.Qb5 Qxe5 31.Bf4 Qe7 32.e5 Nxg2 33.Kxg2 Rd8 34.Qe2 Qd7 35.Qg4 Qd5+ 36.Kh3 Qd1
37.Qg5 h6 38.Qh4 h5 39.Qg5 Re8 40.Nc3 Qg4+ 41.Qxg4 hxg4+ 42.Kxg4 Bxa3 43.Nb5 Bb2
44.Nxa7 Bxe5 45.Be3 Bc7 46.Kf3 Re5 47.g4 Ra5 48.Nc6 Rb5 49.h4 Bd6 50.Ke4 Rb1
51.h5 b5 52.g5 b4 53.Kd5 b3 54.Kxd6 Rd1+ 55.Ke5 Re1 56.Ne7+ Kf8 57.Nd5 b2
58.h6 gxh6 59.gxh6 b1=Q 60.Kf4 Rf1+ 61.Kg3 Qb3 62.h7 Rh1  0-1

[Event "Juan Fontclara mem"]
[Site "Asuncion"]
[Date "1995.??.??"]
[Round "2"]
[White "Minzer, Claudio Javier"]
[Black "Santacruz, Cesar S"]
[Result "1-0"]
[WhiteElo "2385"]
[BlackElo "2320"]

1.d4 Nf6 2.c4 e6 3.Nf3 b6 4.a3 Ba6 5.Qc2 c5 6.d5 exd5 7.cxd5 Be7 8.Nc3 O-O
9.g3 d6 10.Bg2 Nbd7 11.O-O Re8 12.Re1 Bf8 13.h3 g6 14.e4 Bg7 15.Bf4 Ne5 16.Nxe5 dxe5
17.Be3 Qd7 18.b4 cxb4 19.axb4 Bc4 20.Qb2 Rec8 21.Ra4 Ne8 22.Rea1 Qb7 23.b5 Bf8
24.Nb1 Bd3 25.Nd2 Nd6 26.Qxe5 Nxb5 27.Bd4 Nxd4 28.Qxd4 Bb5 29.R4a2 a6 30.e5 Bg7
31.f4 Rab8 32.Kh2 Qd7 33.Ne4 Rc4 34.Qd2 Rbc8 35.Nd6 Rd8 36.Nxc4 Bxc4 37.Rc2 Qb5
38.d6 Be6 39.Bf1 Qb3 40.Rxa6 h5 41.Rb2 Rxd6 42.Qe2 Qc3 43.Rc2  1-0

[Event "AUT-chT2S 9495"]
[Site "?"]
[Date "1995.??.??"]
[Round "6"]
[White "Stajcic, Nikola"]
[Black "Brglez, Rado"]
[Result "1/2-1/2"]
[WhiteElo "2350"]
[BlackElo "2285"]

1.d4 Nf6 2.Nf3 e6 3.c4 b6 4.a3 Bb7 5.Nc3 d5 6.cxd5 Nxd5 7.Bd2 Be7 8.Qc2 O-O
9.e4 Nxc3 10.Bxc3 Nd7 11.O-O-O Qc8 12.h4 Rd8 13.Bc4 c6 14.Ba2 a5 15.Ng5 Nf8
16.Qe2 Qc7 17.Qf3 Bf6 18.Qe3 Rd7 19.e5 Be7 20.Qf4 Bxg5 21.hxg5 c5 22.dxc5 Rxd1+
23.Rxd1 Qxc5 24.g3 Rc8 25.Qd4 Qc6 26.Bb3 Rc7 27.Qd8 Qc5 28.Kb1 Rc8 29.Qd4 Qc6
30.Bc2 g6 31.Ba4 Qc7 32.Qd6 Bd5 33.Qxc7 Rxc7 34.Bd4 Nd7 35.Bxd7 Rxd7 36.Bxb6 a4
37.Rd4 Rb7 38.Bc5 Rc7 39.Bd6 Rc4 40.Rd1 Be4+ 41.Ka2 Bd5 42.Ka1 Rc2 43.f4 Bf3
44.Rf1 Bd5 45.Bb4 Bb3 46.Kb1 Kg7 47.Be7 Rc4 48.Re1 Rc2 49.Rg1 Rc4 50.Bb4 Rc2
51.Bc3 Kf8 52.Bb4+ Kg7 53.Be7 Rc4 54.Bf6+ Kf8 55.Rh1 Rd4 56.Rc1 Rd1 57.Rxd1 Bxd1  1/2-1/2

[Event "AUT-chT9495"]
[Site "?"]
[Date "1995.??.??"]
[Round "?"]
[White "Miniboeck, Guenter"]
[Black "Wach, Markus"]
[Result "1/2-1/2"]
[WhiteElo "2360"]
[BlackElo "2380"]

1.d4 Nf6 2.c4 e6 3.Nf3 b6 4.a3 Ba6 5.Qc2 Bb7 6.Nc3 c5 7.e4 cxd4 8.Nxd4 Nc6
9.Nxc6 Bxc6 10.Bf4 Nh5 11.Be3 Qb8 12.O-O-O Bd6 13.g3 Be5 14.Bd3 Qb7 15.Rhe1 Rc8
16.Bd2 O-O 17.f4 Bxc3 18.Bxc3 b5 19.c5 Ra8 20.Qe2 g6 21.g4 Nxf4 22.Qf2 Nxd3+
23.Rxd3 f6 24.Rf3 Bxe4 25.Rxf6 Qd5 26.Qf4 Bg2 27.Qh6 Rxf6 28.Bxf6 Qxc5+ 29.Bc3 Qf8
30.Qd2 Bh3 31.Qd4 h6 32.Qh8+ Kf7 33.Qh7+ Ke8 34.Qxg6+ Kd8 35.Ba5+ Kc8 36.Qe4 Qc5+
37.Kb1 Qd5 38.Rc1+ Kb7 39.Qe2 Rc8 40.Rd1 Qc6 41.Rd2 h5 42.Qd3 Bxg4 43.Qxd7+ Qxd7
44.Rxd7+ Kc6 45.Rxa7 Bf5+ 46.Ka2 e5 47.Rg7 Be6+ 48.Kb1 Rf8 49.Rg5 e4 50.Re5 Bd5
51.Rxh5 Bb3 52.Bd2 Rf1+ 53.Bc1 Kd6 54.Rh3 Bc4 55.b3 Bd3+ 56.Kb2 Rf2+ 57.Ka1 Ke5
58.Re3 Rxh2 59.Bb2+ Kf4 60.Bc1 Kg4 61.a4 b4 62.Re1 Kf3 63.Be3 Rc2 64.Bg5 Rc3
65.Kb2 Rc7 66.Ka1 Kf2 67.Bh4+ Kf3 68.Bg5 Rb7 69.Be3 Be2 70.Bc5 Bd3 71.Kb2 Kf4
72.Be3+ Kg4 73.Bc5 Kf5 74.Rh1 Ke5 75.Be3 Rc7 76.Rh5+ Kf6 77.Rh2 Kf5 78.Rf2+ Kg4
79.a5 Rc6 80.Bd4 Kg3 81.Be3 Rc8 82.Rf6 Rc2+ 83.Ka1  1/2-1/2

[Event "AUT-chT9495"]
[Site "?"]
[Date "1995.??.??"]
[Round "?"]
[White "Farago, Ivan"]
[Black "Fauland, Alexander"]
[Result "1/2-1/2"]
[WhiteElo "2515"]
[BlackElo "2445"]

1.d4 Nf6 2.c4 e6 3.Nf3 b6 4.a3 Ba6 5.Qb3 Nc6 6.Qc2 b5 7.c5 Qc8 8.b4 Bb7 9.Nc3 a6
10.e4 Ne7 11.Be2 g6 12.O-O Bg7 13.Nd2 Nfg8 14.Nb3 f5 15.f3 Nf6 16.Be3 O-O
17.Na5 Kh8 18.Rad1 d5 19.e5 Nfg8 20.f4 Nc6 21.Nxb7 Qxb7 22.Ra1 Nce7 23.a4 c6
24.Ra3 Rad8 25.Rfa1 Nc8 26.axb5 axb5 27.Ra6 Nge7 28.Qd3 Rd7 29.R1a5 Qb8 30.Nxb5 cxb5
31.Rxb5 Qc7 32.Rba5 Nc6 33.Ra4 Nb8 34.Ra8 Ne7 35.b5 Rc8 36.Bd2 Qd8 37.Qc2 Bf8
38.c6 Nbxc6 39.bxc6 Nxc6 40.Rxc8 Qxc8 41.Ba6 Qc7 42.Bb5 Nxd4 43.Qxc7 Rxc7
44.Rxd4 Bc5 45.Be3 Bxd4 46.Bxd4 Kg7 47.Kf2 Kf7 48.Be2 Rc2 49.h3 h5 50.Ke3 Ra2
51.Bc5 Rc2 52.Bb4 Rb2 53.Be1 Ra2 54.Bh4 Rb2 55.Bg5 Ra2 56.Bf3 Rc2 57.g4 Rc3+
58.Ke2 hxg4 59.hxg4 fxg4 60.Bxg4 Ra3 61.Kd2 Rg3 62.Be2 Ra3 63.Bd3 Rb3 64.Ke3 Rb4
65.Kd2 Rb3 66.Kc2 Ra3 67.Bh6 Ra4 68.Kc3 Ra3+ 69.Kd4 Rb3 70.Bg5 Ra3 71.Bb5 Ra2
72.Kc5 Ra5 73.Bf6 Ra8 74.Kd6 Ra5 75.Kc5 Ra8 76.Bg5 Ra5 77.Bd8 Ra8 78.Bc7 Ra1
79.Kd6 Ra3 80.Bb6 Rb3 81.Kc6  1/2-1/2

[Event "AUT-chT2S 9596"]
[Site "AUT"]
[Date "1995.??.??"]
[Round "?"]
[White "Singer, Richard"]
[Black "Pichler, P."]
[Result "0-1"]
[WhiteElo "2160"]
[BlackElo "2050"]

1.d4 Nf6 2.c4 e6 3.Nf3 b6 4.a3 Bb7 5.Nc3 Ne4 6.Nxe4 Bxe4 7.Nd2 Bb7 8.e4 d5
9.cxd5 exd5 10.Bb5+ c6 11.Ba4 dxe4 12.O-O Be7 13.Nxe4 O-O 14.Re1 Nd7 15.Bc2 Nf6
16.Ng3 g6 17.Qf3 Re8 18.Bg5 Nd5 19.h4 Qc7 20.Bb3 f5 21.Rac1 Qd7 22.Rxe7 Rxe7
23.Bxe7 Qxe7 24.Rxc6 Bxc6 25.Bxd5+ Kg7 26.Bxc6 Rf8 27.Qf4 Qf6 28.b4 Qxc6
29.h5 Qd5 30.Kh2 Rd8 31.Qg5 Qd6 32.f4 Rf8 33.hxg6 hxg6 34.Nh5+ Kf7 35.Qh6 Ke7
36.Qg5+ Kd7  0-1

[Event "AUT-chT2O 9596"]
[Site "AUT"]
[Date "1995.??.??"]
[Round "2"]
[White "Wirius, Stefan"]
[Black "Rockenschaub, Manfred"]
[Result "0-1"]
[WhiteElo "2270"]
[BlackElo "2220"]

1.d4 Nf6 2.Nf3 b6 3.c4 e6 4.a3 Bb7 5.Nc3 Be7 6.d5 exd5 7.cxd5 d6 8.g3 Nbd7
9.Bg2 O-O 10.h3 Ne5 11.Nd4 Qd7 12.f4 Ng6 13.O-O Rad8 14.Kh2 Rfe8 15.e4 Qc8
16.Be3 Bf8 17.Re1 Ne7 18.Rc1 c6 19.dxc6 Nxc6 20.Nd5 Qd7 21.Nxf6+ gxf6 22.Nf5 Ne7
23.Qg4+ Kh8 24.Bd4 Nxf5 25.Qxf5 Bg7 26.Bxf6 Qxf5 27.Bxg7+ Kxg7 28.exf5 Ba6
29.Bd5 Rxe1 30.Rxe1 Kf6 31.g4 Rc8 32.Kg3 Bd3 33.Re3 Bb1 34.h4 Rc1 35.Rc3 Rd1
36.Bf3 Rd2 37.Rc7 a5 38.b4 Rd3 39.Rc1 Ba2 40.Rd1 Rxa3 41.bxa5 bxa5 42.Rxd6+ Ke7
43.Rd4 Bb1 44.Kf2 h5 45.g5 Bxf5 46.Rd5 Bg4 47.Be4 Ra2+ 48.Ke3 a4 49.Ra5 a3
50.Kd4 Rh2 51.Ke5 a2 52.f5 Re2 53.Ra7+ Kd8 54.g6 fxg6 55.f6 Bf3 56.f7 Rxe4+
57.Kf6 Rf4+ 58.Kg7 Bd5 59.f8=Q+ Rxf8 60.Kxf8 Kc8 61.Kg7 g5  0-1

[Event "Bad Ragaz op"]
[Site "Bad Ragaz"]
[Date "1995.??.??"]
[Round "?"]
[White "Khenkin, Igor"]
[Black "Sher, Miron N"]
[Result "1/2-1/2"]
[WhiteElo "2530"]
[BlackElo "2510"]

1.d4 e6 2.c4 Nf6 3.Nf3 b6 4.a3 Bb7 5.Nc3 d5 6.cxd5 Nxd5 7.e3 Nxc3 8.bxc3 Nd7
9.Bd3 Be7 10.O-O c5 11.e4 O-O 12.Bf4 Rc8 13.Qe2 Nf6 14.a4 cxd4 15.cxd4 Rc3
16.Rfe1 Qa8 17.Bg5 h6 18.Bh4 Re8 19.Bb5 Nxe4 20.Bxe8 Qxe8 21.Qb5 Qxb5 22.axb5 Bxh4
23.Nxh4 Nd6 24.Rxa7 g5 25.Nf3 Bxf3 26.gxf3 Nxb5 27.Rd7 Rxf3 28.d5 exd5 29.Rxd5 Nc7
30.Rd8+ Kg7 31.Rd7 Na6 32.Rd6 Nc5 33.Rxb6 Ne6 34.Re3 Rf5  1/2-1/2

[Event "Bad Ragaz op"]
[Site "Bad Ragaz"]
[Date "1995.??.??"]
[Round "?"]
[White "Khenkin, Igor"]
[Black "Thiel, Kuno"]
[Result "1-0"]
[WhiteElo "2530"]
[BlackElo "2320"]

1.d4 Nf6 2.c4 e6 3.Nf3 b6 4.a3 c5 5.d5 exd5 6.cxd5 d6 7.e4 a6 8.Bd3 g6 9.Bf4 Bg7
10.Nc3 O-O 11.h3 Re8 12.O-O b5 13.Re1 Bb7 14.Qd2 Qb6 15.e5 dxe5 16.Nxe5 Nbd7
17.Nxd7 Nxd7 18.d6 b4 19.axb4 cxb4 20.Na4 Qc6 21.f3 Rxe1+ 22.Qxe1 Nc5 23.Nxc5 Qxc5+
24.Kh1 Qd4 25.Bg3 Qxd3 26.Rd1 Qb5 27.d7 Bf6 28.Rd6 Kg7 29.Rxf6 Kxf6 30.Bd6 Kg7
31.Qe7 Bxf3 32.Be5+ Kh6 33.Qh4+ Bh5 34.Qf4+ g5 35.Qf6+ Bg6 36.Qg7+ Kh5 37.g4+  1-0

[Event "Badalona op"]
[Site "Badalona"]
[Date "1995.??.??"]
[Round "6"]
[White "Ionescu, Constantin"]
[Black "Pogorelov, Ruslan"]
[Result "1/2-1/2"]
[WhiteElo "2545"]
[BlackElo "2445"]

1.d4 Nf6 2.c4 e6 3.Nf3 b6 4.a3 Ba6 5.Qc2 Bb7 6.Nc3 c5 7.dxc5 bxc5 8.Bg5 Be7
9.e3 O-O 10.Be2 d6 11.O-O Nbd7 12.Rfd1 Qb6 13.Rd2 Rfd8 14.Rad1 h6 15.Bh4 Nf8
16.Ne1 Rab8 17.h3 a6 18.Bf3 Bxf3 19.Nxf3 Qb3 20.Qxb3 Rxb3 21.Bxf6 gxf6 22.Na4 Rbb8
23.g4 Ng6 24.Nc3 Rb3 25.Rc2 Rdb8 26.Na4 Ne5 27.Nd2 Rd3 28.Kf1 Nf3 29.Ke2 Rxd2+
30.Rcxd2 Nxd2 31.Rxd2 Kg7 32.Nc3 Kg6 33.Ne4 f5 34.gxf5+ Kxf5 35.Nxd6+ Bxd6
36.Rxd6 Rxb2+ 37.Kf3 Rc2 38.Rxa6 Rxc4 39.Ra7 Kf6 40.a4  1/2-1/2

[Event "Badalona op"]
[Site "Badalona"]
[Date "1995.??.??"]
[Round "8"]
[White "Sjodahl, Pontus"]
[Black "Pogorelov, Ruslan"]
[Result "1/2-1/2"]
[WhiteElo "2415"]
[BlackElo "2445"]

1.d4 Nf6 2.c4 e6 3.Nf3 b6 4.a3 Ba6 5.Qc2 Bb7 6.Nc3 c5 7.e4 cxd4 8.Nxd4 Nc6
9.Nxc6 Bxc6 10.Bf4 Bc5 11.O-O-O Nh5 12.Bd6 Qg5+ 13.Kb1 Bxd6 14.Rxd6 Qe5 15.Rd2 O-O-O
16.g3 g5 17.Be2 Nf6 18.f3 Rhg8 19.Rf1 h5 20.Nd5 Bxd5 21.cxd5+ Kb8 22.dxe6 dxe6
23.Rxd8+ Rxd8 24.Rc1 Ne8 25.f4 gxf4 26.gxf4 Qxf4 27.Bxh5 Nc7 28.Bf3 Nb5 29.Bh1 Nd4
30.Qd3 Qxh2 31.e5 Qe2 32.Qg3 Nb5 33.Qg5 Qd3+ 34.Ka2 Nc7 35.Rc3 Qd4 36.Qf6 Rc8
37.Qxf7 Qxe5 38.Qd7 Rh8 39.Bf3 Nd5 40.Rd3 Rf8 41.Bxd5 exd5 42.Qxd5 Qxd5+
43.Rxd5  1/2-1/2

[Event "Hofmann Cup"]
[Site "Baden-Baden"]
[Date "1995.??.??"]
[Round "4"]
[White "Gavrikov, Viktor"]
[Black "Bischoff, Klaus"]
[Result "1-0"]
[WhiteElo "2605"]
[BlackElo "2550"]

1.d4 Nf6 2.c4 e6 3.Nf3 b6 4.a3 Ba6 5.Qc2 Bb7 6.Nc3 c5 7.dxc5 bxc5 8.Bf4 Nh5
9.Bg5 Be7 10.Bxe7 Qxe7 11.e3 O-O 12.Be2 Nf6 13.O-O Nc6 14.Rfd1 Rfd8 15.Rd2 Rab8
16.Rad1 Ne8 17.h3 d6 18.Qa4 a6 19.Rb1 a5 20.Rbd1 h6 21.Ne1 Ba8 22.Bf3 Ne5
23.Bxa8 Rxa8 24.f4 Ng6 25.Nf3 Qb7 26.Qc2 Qb6 27.g3 Ne7 28.e4 Nc6 29.Nb5 a4
30.Nxd6  1-0

[Event "Balatonbereny op"]
[Site "Balatonbereny"]
[Date "1995.??.??"]
[Round "2"]
[White "De Francesco, Klaus"]
[Black "Rothfuss, Oliver"]
[Result "0-1"]
[WhiteElo "2280"]
[BlackElo "2170"]

1.d4 Nf6 2.Nf3 e6 3.c4 b6 4.a3 Bb7 5.e3 Be7 6.Bd3 d6 7.O-O Nbd7 8.Nc3 e5
9.d5 Nc5 10.Bc2 a5 11.Bd2 O-O 12.b4 axb4 13.axb4 Ncd7 14.Ne1 Rxa1 15.Qxa1 Qa8
16.Qb1 Qa7 17.Nd3 Ra8 18.Bb3 Qb8 19.e4 Qd8 20.f4 exf4 21.Bxf4 Ng4 22.c5 Bf6
23.Ne2 Nde5 24.cxd6 cxd6 25.Ndc1 Ng6 26.Bg3 Ra1 27.Qd3 N4e5 28.Qd2 Ba6 29.Re1 Bb5
30.Nd4 Bd7 31.b5 h6 32.Nc6 Qa8 33.Ne2 Rxe1+ 34.Qxe1 Qa3 35.Bd1 Qc5+ 36.Bf2 Qxb5
37.Ned4 Qb2 38.h3 Nf4 39.Nxe5 Bxe5 40.Nc2 Nd3 41.Qd2 Nxf2 42.Kxf2 Ba4 43.Kg1 Bc3
44.Qd3 b5 45.Ne3 Bd4 46.Be2 Bc2 47.Qd2 Bxe4 48.Qxb2 Bxb2 49.Nd1 Bd4+ 50.Nf2 b4
51.Bc4 Bc2  0-1